| 000 | 00653cam a22002173a 4500 | ||
|---|---|---|---|
| 001 | 45908 | ||
| 003 | PGUSA | ||
| 005 | 20140828084053.0 | ||
| 008 | 140607s2014||||xxu|||||s|||||000 | eng d | ||
| 040 |
_aPGUSA _beng |
||
| 042 | _adc | ||
| 100 | 1 | _aSmith, Harriet Lummis | |
| 245 | 1 | 0 |
_aPeggy Raymond's Way : _bOr, Blossom Time at Friendly Terrace _h[electronic resource] / _cHarriet Lummis Smith |
| 260 |
_bProject Gutenberg, _c2014 |
||
| 506 | _aPublic domain in the USA. | ||
| 516 | _aElectronic text | ||
| 700 | 1 |
_aMerrill, Frank T., _d1848- |
|
| 830 | 0 |
_aProject Gutenberg _v45908 |
|
| 856 | 4 | 0 | _uhttp://www.gutenberg.org/ebooks/45908 |
| 942 | _cEB | ||
| 999 |
_c275158 _d275158 |
||